Trnava

Zobrazenie: pohľad z parčíku na budovu Evanjelického domu na námestí, vľavo ev. kostol

Bibliographic Details
Format: Postcard
Language:Slovak
PhysicalDescription:1 pohľadnica čiernobiela 11 x 15 cm
Published: Martin Bratislava Osveta PŠK-HSV 1957
Subjects:

MARC

LEADER 00000nkm a2200000 4500
001 vtls011763531
003 SK-MaSNL
005 20260512125824.0
007 kp bo
008 240131s1957 xo g 00 kuslo
015 |a SNBG1957 
035 |a urn:nbn:sk:snk-km00dngd 
035 |a urn:nbn:sk:snk-km3lzta 
035 |a EFB484F5-4B9A-4013-835F-1E5EF080072F 
040 |a SNK  |b slo  |c SNK  |e AACR2 
041 0 |a slo 
043 |a e-xo--- 
044 |a xo  |c SK 
072 7 |a 913  |x Regionálna geografia  |2 konspekt 
072 7 |a 72  |x Architektúra  |2 konspekt 
080 |a 913(437.6)  |2 2011 
080 |a (084.121)  |2 2011 
080 |a 725.1:339.372.2  |2 2011 
245 0 0 |a Trnava  |h grafika 
264 1 |a Martin  |b Osveta  |a Bratislava  |b PŠK-HSV  |c 1957 
300 |a 1 pohľadnica  |b čiernobiela  |c 11 x 15 cm 
336 |a statický obraz  |b sti  |2 rdacontent 
337 |a bez média  |b n  |2 rdamedia 
338 |a karta  |b no  |2 rdacarrier 
520 8 |a Zobrazenie: pohľad z parčíku na budovu Evanjelického domu na námestí, vľavo ev. kostol 
610 2 7 |a Evanjelický dom (Trnava, Slovensko)  |2 SNKKA  |9 434255 
650 0 7 |a obchodné domy  |2 SNKPH  |9 3005 
651 7 |a Trnava (Slovensko)  |2 SNKPHgeo  |9 19407 
655 7 |a miestne pohľadnice  |2 SNKPH  |9 70510 
852 |a Slovenská národná knižnica 
958 |a GBN 
958 |a GC 
958 |a OND 
958 |a EUIPO 
999 |c 1113331  |d 1115261 
952 |a SNK  |b SNK  |y PREZ  |7 0  |p 17A1332624  |o snkSP 128320  |0 0  |1 0  |4 0  |d 2018-06-22  |f 1  |l 0  |r 2026-02-24 18:07:50  |w 2026-02-24 
952 |a SNK  |b SNK  |y PREZ  |7 0  |p 17A1332625  |o snkSP 128320 D1  |0 0  |1 0  |4 0  |d 2018-06-22  |l 0  |r 2026-02-24 18:07:50  |w 2026-02-24